[Event "5th Alicante it"]
[Site "Alicante ESP"]
[Date "1978.??.??"]
[Round "7"]
[White "Rodriguez Vargas, Orestes"]
[WhiteElo "2485"]
[Black "Hernando Pertierra, Jose Carlos"]
[BlackElo "2340"]
[Result "1/2-1/2"]
[EventDate "1978.03.01"]
[PlyCount "108"]

1.e4 e5 2.Nf3 d6 3.d4 Nd7 4.Bc4 c6 5.O-O Be7 6.dxe5 dxe5 7.Qe2 h6 8.a4 
Ngf6 9.Rd1 Qc7 10.Nh4 g6 11.Nf3 g5 12.Nbd2 Nc5 13.b4 Ne6 14.Bxe6 Bxe6 15.
Bb2 Nd7 16.Nc4 f6 17.Bc3 Nf8 18.Ne3 Ng6 19.g3 h5 20.Nf5 Bf8 21.h4 gxh4 22.
N3xh4 Nxh4 23.Nxh4 Bg4 24.f3 Be6 25.Kh2 Rg8 26.Be1 Rd8 27.c3 Rg7 28.Rxd8+ 
Kxd8 29.Bf2 b6 30.a5 b5 31.Rd1+ Kc8 32.Be3 Rd7 33.Rxd7 Qxd7 34.Qd2 Qxd2+ 
35.Bxd2 a6 36.Ng6 Bd6 37.Be3 Kd7 38.Bc5 f5 39.Kg2 fxe4 40.fxe4 Bc7 41.Kf2 
Bg4 42.Bb6 Bd6 43.Ke3 Ke6 44.Bc5 Bc7 45.Bb6 Bd6 46.Bc5 Bc7 47.Ne7 Kd7 48.
Kd3 Bh3 49.Ng6 Ke6 50.Ne7 Kd7 51.Ng6 Ke6 52.Bb6 Bd6 53.Bc5 Bc7 54.Ne7 Kd7 
1/2-1/2

[Event "5th Alicante it"]
[Site "Alicante ESP"]
[Date "1978.??.??"]
[Round "7"]
[White "Verdu Carbonell, Juan Miguel"]
[WhiteElo "2200"]
[Black "Vilela de Acuna, Jose Luis"]
[BlackElo "2435"]
[Result "0-1"]
[EventDate "1978.03.01"]
[PlyCount "86"]

1.Nf3 c5 2.c4 Nf6 3.g3 b6 4.Bg2 Bb7 5.O-O e6 6.Nc3 Be7 7.d4 cxd4 8.Qxd4 d6
9.b3 O-O 10.Bb2 a6 11.Rad1 Nbd7 12.Ng5 Bxg2 13.Kxg2 Qc7 14.Nge4 Rfd8 15.f3
Ne8 16.h4 Ndf6 17.Qe3 Qb7 18.a3 Rac8 19.Rc1 Rc6 20.Qd2 Rdc8 21.Rfd1 b5 22.
cxb5 axb5 23.Ng5 d5 24.Na2 h6 25.Nh3 Nd6 26.g4 Nfe8 27.Nb4 R6c7 28.Nd3 
Bxh4 29.Ne5 Rc2 30.Qf4 Bf6 31.g5 hxg5 32.Nxg5 Bxg5 33.Qxg5 f6 34.Qg6 Rxc1 
35.Rxc1 fxe5 36.Qxe6+ Qf7 37.Qxe5 Nf5 38.Kf2 Ne7 39.e3 Nf6 40.Ke2 Ng6 41.
Qf5 Ne7 42.Qd3 Qh5 43.Bxf6 Qh2+ 0-1

[Event "5th Alicante it"]
[Site "Alicante ESP"]
[Date "1978.??.??"]
[Round "8"]
[White "Ermenkov, Evgeny"]
[WhiteElo "2520"]
[Black "Damjanovic, Mato"]
[BlackElo "2455"]
[Result "1/2-1/2"]
[EventDate "1978.03.01"]
[PlyCount "73"]

1.e4 e5 2.Nf3 Nc6 3.Bb5 f5 4.d3 fxe4 5.dxe4 Nf6 6.O-O d6 7.Qd3 Bg4 8.h3 
Bxf3 9.Qxf3 Be7 10.Qd3 a6 11.Bc4 b5 12.Bb3 Nd4 13.Bg5 Nd7 14.Be3 Nxb3 15.
axb3 c6 16.c4 O-O 17.Nc3 Qc8 18.Ra2 Qb7 19.Rfa1 b4 20.Ne2 Nc5 21.Bxc5 dxc5
22.Qg3 Qc7 23.Rxa6 Rxa6 24.Rxa6 Qd6 25.Ra7 h5 26.Kh2 Kh7 27.Qe3 Rf7 28.Ra8
Qg6 29.Kg1 Bg5 30.Qg3 Qf6 31.Kh2 Bh4 32.Qd3 Bxf2 33.Ra1 Bd4 34.Ng3 Qg5 35.
Rf1 Rxf1 36.Qxf1 g6 37.Qf7+ 1/2-1/2

[Event "5th Alicante it"]
[Site "Alicante ESP"]
[Date "1978.??.??"]
[Round "8"]
[White "Hernando Pertierra, Jose Carlos"]
[WhiteElo "2340"]
[Black "Fernandez Garcia, Jose Luis"]
[BlackElo "2310"]
[Result "1-0"]
[EventDate "1978.03.01"]
[PlyCount "75"]

1.d4 Nf6 2.Nf3 g6 3.g3 Bg7 4.Bg2 O-O 5.O-O d6 6.c4 Nc6 7.Nc3 e5 8.b3 exd4 
9.Nb5 d3 10.exd3 a6 11.Nc3 Bg4 12.h3 Ne4 13.dxe4 Bxc3 14.Bh6 Bxf3 15.Bxf3 
Bg7 16.Bxg7 Kxg7 17.Bg2 Qe7 18.Qd2 Rab8 19.Rac1 Nd8 20.f4 f6 21.b4 b6 22.
c5 dxc5 23.bxc5 Ne6 24.cxb6 cxb6 25.Rc6 Rfd8 26.Qb2 Rd3 27.Kh2 Nd4 28.Rxb6
Rxb6 29.Qxb6 Rd2 30.e5 fxe5 31.fxe5 Qxe5 32.Qb7+ Kh6 33.Rf7 Nf5 34.Rxh7+ 
Kg5 35.h4+ Nxh4 36.Rxh4 Rxa2 37.Qf3 Qf5 38.Qe3+ 1-0

[Event "5th Alicante it"]
[Site "Alicante ESP"]
[Date "1978.??.??"]
[Round "8"]
[White "Martin Gonzalez, Angel"]
[WhiteElo "2390"]
[Black "Ochoa de Echaguen Estibalez, Francisco Javier"]
[BlackElo "2345"]
[Result "0-1"]
[EventDate "1978.03.01"]
[PlyCount "138"]

1.e4 c5 2.Nf3 Nc6 3.d4 cxd4 4.Nxd4 Nf6 5.Nc3 e5 6.Ndb5 d6 7.Nd5 Nxd5 8.
exd5 Ne7 9.c4 Ng6 10.Bd3 Be7 11.O-O O-O 12.Be3 a6 13.Nc3 f5 14.f3 Bd7 15.
Na4 Bxa4 16.Qxa4 Bg5 17.Bf2 e4 18.fxe4 Ne5 19.Qb3 Ng4 20.Bd4 Bf6 21.Bb6 
Qe7 22.Rxf5 g6 23.Rf4 Bd4+ 24.Bxd4 Rxf4 25.c5 Ne5 26.Bc2 Raf8 27.Be3 R4f7 
28.Qc3 Ng4 29.Bd4 Qh4 30.h3 Nf2 31.Qe3 Re8 32.Re1 Nxe4 33.Bxe4 Rfe7 34.Rf1
Qxe4 35.Qf2 dxc5 36.Bxc5 Rd7 37.d6 Qd5 38.Qc2 Rc8 39.b4 Rxd6 40.Qf2 Rd7 
41.Qe2 Rf7 42.Rd1 Qc6 43.Re1 Rd8 44.Qe3 Qd5 45.a3 Qd3 46.Qe6 Qf5 47.Qa2 b5
48.a4 Qd3 49.axb5 axb5 50.Qe6 Qc4 51.Qe3 Qd3 52.Qxd3 Rxd3 53.Re8+ Kg7 54.
Rb8 Rd1+ 55.Kh2 h5 56.h4 Rf4 57.Rb7+ Kf6 58.Be7+ Ke6 59.Bg5 Rxb4 60.Re7+ 
Kd6 61.Rg7 Kc6 62.Rxg6+ Rd6 63.Rg8 Rg4 64.Rh8 b4 65.Rxh5 b3 66.Rh8 Rb4 67.
Rc8+ Kd7 68.Rc1 b2 69.Rb1 Ra6 0-1

[Event "5th Alicante it"]
[Site "Alicante ESP"]
[Date "1978.??.??"]
[Round "8"]
[White "Rodriguez Vargas, Orestes"]
[WhiteElo "2485"]
[Black "Diesen, Mark"]
[BlackElo "2440"]
[Result "0-1"]
[EventDate "1978.03.01"]
[PlyCount "56"]

1.d4 d5 2.c4 e6 3.Nc3 c6 4.cxd5 exd5 5.Bf4 Bd6 6.Bxd6 Qxd6 7.e3 Ne7 8.Bd3 
Bf5 9.Nge2 Nd7 10.Nf4 Bxd3 11.Qxd3 Ng6 12.Nh5 O-O 13.h4 f5 14.O-O-O f4 15.
g3 fxe3 16.fxe3 Qe6 17.Rhg1 Rf3 18.Kb1 Rxe3 19.Qc2 Qg4 20.Nf4 Rae8 21.h5 
Nxf4 22.gxf4 Qxh5 23.a3 Qf7 24.Rh1 Nf8 25.Ka2 Qxf4 26.Rh2 g6 27.Rdh1 R8e7 
28.Rh4 Qf6 0-1

[Event "5th Alicante it"]
[Site "Alicante ESP"]
[Date "1978.??.??"]
[Round "8"]
[White "Sanz Alonso, Francisco Javier"]
[WhiteElo "2330"]
[Black "Verdu Carbonell, Juan Miguel"]
[BlackElo "2200"]
[Result "1-0"]
[EventDate "1978.03.01"]
[PlyCount "77"]

1.Nf3 c5 2.c4 Nf6 3.d4 cxd4 4.Nxd4 e6 5.g3 Bb4+ 6.Nc3 Nc6 7.Bg2 O-O 8.O-O 
Qa5 9.Nxc6 bxc6 10.Bd2 Qa6 11.Rc1 Be7 12.e4 d6 13.Be3 Rb8 14.b3 Nd7 15.f4 
e5 16.f5 f6 17.g4 Rd8 18.h4 Nf8 19.g5 Bd7 20.Kh1 Be8 21.Rg1 Qb7 22.Qg4 Bf7
23.Bf3 Rd7 24.Rg2 Qc7 25.Rcg1 Rb7 26.h5 fxg5 27.Bxg5 Bxg5 28.Qxg5 Be8 29.
c5 a5 30.cxd6 Qxd6 31.Be2 Kh8 32.h6 g6 33.Bc4 Bf7 34.Rd1 Qe7 35.Qxe7 Rxe7 
36.Rd8 Re8 37.Rgd2 Rxd8 38.Rxd8 Kg8 39.fxg6 1-0

[Event "5th Alicante it"]
[Site "Alicante ESP"]
[Date "1978.??.??"]
[Round "8"]
[White "Vilela de Acuna, Jose Luis"]
[WhiteElo "2435"]
[Black "Medina Garcia, Antonio Angel"]
[BlackElo "2425"]
[Result "0-1"]
[EventDate "1978.03.01"]
[PlyCount "100"]

1.d4 Nf6 2.c4 e6 3.Nf3 d5 4.Nc3 Be7 5.Bg5 O-O 6.e3 h6 7.Bh4 b6 8.Bd3 Bb7 
9.Rc1 Nbd7 10.cxd5 exd5 11.Qc2 Re8 12.O-O c5 13.Bf5 a6 14.dxc5 bxc5 15.
Rfd1 Nb6 16.Ne2 Nfd7 17.Bg3 Nf8 18.Nf4 Bd6 19.Ne2 Bc8 20.Nc3 Be6 21.Bxe6 
Rxe6 22.Nxd5 Bxg3 23.hxg3 Nxd5 24.Qxc5 Rd6 25.e4 Ne6 26.Qa3 Nb4 27.Rxd6 
Qxd6 28.Nh4 Qd2 29.Rf1 Nd4 30.Qa5 Qxb2 31.Qc7 Rf8 32.Rd1 Nbc6 33.Nf5 Nxf5 
34.Qxc6 Nd4 35.Qxa6 Ne6 36.a4 Qc2 37.Re1 Qc3 38.Rd1 Rb8 39.a5 Qc2 40.Re1 
Rb2 41.Qa8+ Kh7 42.Rf1 Ra2 43.Qd5 Kg8 44.Qa8+ Kh7 45.Qd5 Kg8 46.Qa8+ Nf8 
47.Qd5 Ra4 48.Re1 Qc3 49.Re3 Qa1+ 50.Kh2 Rxa5 0-1

[Event "5th Alicante it"]
[Site "Alicante ESP"]
[Date "1978.??.??"]
[Round "9"]
[White "Diesen, Mark"]
[WhiteElo "2440"]
[Black "Hernando Pertierra, Jose Carlos"]
[BlackElo "2340"]
[Result "1/2-1/2"]
[EventDate "1978.03.01"]
[PlyCount "78"]

1.e4 d5 2.exd5 Nf6 3.d4 Nxd5 4.c4 Nf6 5.Nf3 g6 6.h3 Bg7 7.Nc3 O-O 8.Bg5 c5
9.d5 e6 10.Be2 exd5 11.cxd5 h6 12.Be3 b6 13.Qd2 Kh7 14.O-O Bf5 15.Ne5 Ne4 
16.Nxe4 Bxe4 17.Bf3 Bxf3 18.Nxf3 Nd7 19.d6 Qf6 20.b4 Qc3 21.Rab1 Qxd2 22.
Nxd2 cxb4 23.Rxb4 Rad8 24.Ra4 Ne5 25.Rxa7 Rxd6 26.Rb1 Rfd8 27.Nf1 R8d7 28.
Ra4 Rb7 29.Nd2 b5 30.Rab4 Rbd7 31.Ne4 Rd1+ 32.Kh2 Rxb1 33.Rxb1 Rd5 34.Nc5 
Nc4 35.Nb3 Nxe3 36.fxe3 Bc3 37.Nd4 Bxd4 38.exd4 Rxd4 39.Rxb5 Ra4 1/2-1/2

[Event "5th Alicante it"]
[Site "Alicante ESP"]
[Date "1978.??.??"]
[Round "9"]
[White "Fernandez Garcia, Jose Luis"]
[WhiteElo "2310"]
[Black "Vilela de Acuna, Jose Luis"]
[BlackElo "2435"]
[Result "1-0"]
[EventDate "1978.03.01"]
[PlyCount "43"]

1.e4 c5 2.Nf3 e6 3.d4 cxd4 4.Nxd4 Nf6 5.Nc3 d6 6.g4 Nc6 7.g5 Nd7 8.Be3 Nb6
9.Qd2 Ne5 10.O-O-O Be7 11.Ndb5 O-O 12.Nxd6 Ng4 13.Rg1 Nxe3 14.Qxe3 Qc7 15.
e5 Nd5 16.Rxd5 exd5 17.Nxd5 Qd8 18.Bd3 Bxd6 19.Nf6+ Kh8 20.Qe4 g6 21.Qh4 
Qxf6 22.gxf6 1-0

[Event "5th Alicante it"]
[Site "Alicante ESP"]
[Date "1978.??.??"]
[Round "9"]
[White "Medina Garcia, Antonio Angel"]
[WhiteElo "2425"]
[Black "Sanz Alonso, Francisco Javier"]
[BlackElo "2330"]
[Result "1-0"]
[EventDate "1978.03.01"]
[PlyCount "91"]

1.e4 c5 2.Nf3 Nc6 3.d4 cxd4 4.Nxd4 Nf6 5.Nc3 e5 6.Ndb5 d6 7.Bg5 a6 8.Na3 
b5 9.Bxf6 gxf6 10.Nd5 f5 11.Bd3 Be6 12.Qh5 Bg7 13.O-O f4 14.Rfd1 O-O 15.c3
Ne7 16.c4 Bxd5 17.cxd5 Rc8 18.Nc2 Qb6 19.Ne1 h6 20.Nf3 Rc7 21.h3 Qa5 22.
Nh4 Qb4 23.Rab1 Kh7 24.Kh1 Qa5 25.g4 Qb6 26.Kg1 Bf6 27.Nf3 Kg7 28.Kf1 Ng6 
29.h4 Be7 30.Ke2 f6 31.Rg1 Rh8 32.Qf5 Qb8 33.h5 Nf8 34.Rbc1 Bd8 35.Rc6 
Rxc6 36.dxc6 Rg8 37.Bc2 Kh8 38.Bb3 Rg7 39.Rc1 a5 40.Bd5 a4 41.g5 hxg5 42.
h6 Rg6 43.Nxg5 f3+ 44.Qxf3 Bb6 45.Nf7+ Kh7 46.Qf5 1-0

[Event "5th Alicante it"]
[Site "Alicante ESP"]
[Date "1978.??.??"]
[Round "9"]
[White "Ochoa de Echaguen Estibalez, Francisco Javier"]
[WhiteElo "2345"]
[Black "Rodriguez Vargas, Orestes"]
[BlackElo "2485"]
[Result "1/2-1/2"]
[EventDate "1978.03.01"]
[PlyCount "124"]

1.e4 e6 2.d4 d5 3.Nc3 Bb4 4.e5 c5 5.a3 Bxc3+ 6.bxc3 Ne7 7.Nf3 Bd7 8.Bd3 
Qa5 9.O-O c4 10.Be2 Nbc6 11.Bd2 f6 12.Re1 O-O-O 13.Bf1 Qc7 14.Qe2 Ng6 15.
g3 Rdf8 16.h4 h5 17.Bh3 Kb8 18.a4 Ka8 19.Bc1 Bc8 20.Ba3 Re8 21.Bd6 Qf7 22.
a5 Rhg8 23.Kh2 Nf8 24.Bg2 a6 25.Reb1 Nd7 26.Nd2 g5 27.Qf3 gxh4 28.Nxc4 
hxg3+ 29.fxg3 f5 30.Ne3 Qg7 31.Bh3 Ndb8 32.Rd1 Na7 33.Qf4 Nb5 34.Bb4 h4 
35.g4 fxg4 36.Nxg4 Nc6 37.Bd6 Nxd6 38.exd6 Ref8 39.Qe3 Qd7 40.Ne5 Qxd6 41.
Rg1 Rxg1 42.Rxg1 Nxa5 43.Kh1 Nc6 44.Nd3 Qd8 45.Qg5 Rf3 46.Qg4 Qf6 47.Kh2 
Qf8 48.Qxh4 e5 49.Bxc8 Qxc8 50.dxe5 Rf8 51.Rg6 Re8 52.Qf4 Ne7 53.Rg7 Rh8+ 
54.Kg1 Nf5 55.Rf7 Nh4 56.Kf2 Ng6 57.Qf5 Rh2+ 58.Ke3 Qc6 59.Qf6 Rh3+ 60.Kd2
Rh2+ 61.Ke3 Rh3+ 62.Kd2 Rh2+ 1/2-1/2

[Event "5th Alicante it"]
[Site "Alicante ESP"]
[Date "1978.??.??"]
[Round "9"]
[White "Verdu Carbonell, Juan Miguel"]
[WhiteElo "2200"]
[Black "Ermenkov, Evgeny"]
[BlackElo "2520"]
[Result "1/2-1/2"]
[EventDate "1978.03.01"]
[PlyCount "38"]

1.e4 c6 2.d3 d5 3.Nd2 g6 4.Ngf3 Bg7 5.Be2 e5 6.O-O Ne7 7.b4 O-O 8.Bb2 Qc7 
9.Re1 h6 10.Bf1 Bg4 11.h3 Bxf3 12.Nxf3 Nd7 13.c4 dxc4 14.dxc4 c5 15.b5 
Rfd8 16.Qc2 Nf8 17.g3 Ne6 18.h4 Kh8 19.Bh3 Nd4 1/2-1/2

[Event "5th Alicante it"]
[Site "Alicante ESP"]
[Date "1978.??.??"]
[Round "10"]
[White "Diesen, Mark"]
[WhiteElo "2440"]
[Black "Ochoa de Echaguen Estibalez, Francisco Javier"]
[BlackElo "2345"]
[Result "1/2-1/2"]
[EventDate "1978.03.01"]
[PlyCount "43"]

1.e4 c5 2.Nf3 Nc6 3.d4 cxd4 4.Nxd4 Nf6 5.Nc3 e6 6.Ndb5 d6 7.Bf4 e5 8.Bg5 
a6 9.Na3 b5 10.Bxf6 gxf6 11.Nd5 f5 12.Bd3 Be6 13.c3 Bg7 14.Qh5 f4 15.g3 
O-O 16.Rg1 f3 17.Nc2 Ne7 18.Nde3 Rc8 19.Qxf3 f5 20.exf5 d5 21.Qg4 Bd7 22.
Qg5 1/2-1/2

[Event "5th Alicante it"]
[Site "Alicante ESP"]
[Date "1978.??.??"]
[Round "10"]
[White "Ermenkov, Evgeny"]
[WhiteElo "2520"]
[Black "Medina Garcia, Antonio Angel"]
[BlackElo "2425"]
[Result "1-0"]
[EventDate "1978.03.01"]
[PlyCount "125"]

1.e4 e5 2.Nf3 Nc6 3.Bb5 a6 4.Ba4 d6 5.O-O Bd7 6.c4 Nf6 7.Nc3 Be7 8.d4 Nxd4
9.Nxd4 exd4 10.Qxd4 Bxa4 11.Nxa4 O-O 12.Nc3 Re8 13.f3 Nd7 14.Nd5 Bf8 15.
Be3 c6 16.Nc3 b5 17.cxb5 axb5 18.Bf2 Qb8 19.Qd2 Ne5 20.Rfd1 b4 21.Ne2 Ra6 
22.b3 g6 23.Rac1 Qb5 24.Rc2 Rea8 25.h3 c5 26.Be3 Qb7 27.Nf4 Nc6 28.Nd5 Bg7
29.Qf2 Ne7 30.Qh4 Nxd5 31.Rxd5 f5 32.Rcd2 fxe4 33.Rxd6 Rxd6 34.Rxd6 exf3 
35.Bxc5 fxg2 36.Rd8+ Rxd8 37.Qxd8+ Kf7 38.Qd3 Bc3 39.a3 Kg7 40.axb4 Bf6 
41.b5 h5 42.b4 Kh7 43.b6 Be5 44.Qe3 Bg7 45.Qe6 Qf3 46.Bf2 Qb7 47.b5 Qf3 
48.Qd7 Kh6 49.b7 Be5 50.Qd2+ g5 51.h4 Bf4 52.hxg5+ Kg6 53.Qd8 h4 54.Qf6+ 
Kh5 55.Qh6+ Kg4 56.Qxh4+ Kf5 57.Qh7+ Kxg5 58.Qg8+ Kf6 59.Bh4+ Kf5 60.Qc8+ 
Ke4 61.Qc2+ Qd3 62.Qxd3+ Kxd3 63.Kxg2 1-0

[Event "5th Alicante it"]
[Site "Alicante ESP"]
[Date "1978.??.??"]
[Round "10"]
[White "Hernando Pertierra, Jose Carlos"]
[WhiteElo "2340"]
[Black "Vilela de Acuna, Jose Luis"]
[BlackElo "2435"]
[Result "1/2-1/2"]
[EventDate "1978.03.01"]
[PlyCount "151"]

1.Nf3 c5 2.b3 Nf6 3.Bb2 e6 4.e3 b6 5.Be2 Be7 6.O-O Bb7 7.c4 O-O 8.Nc3 Nc6 
9.Rc1 Rc8 10.d4 cxd4 11.Nxd4 a6 12.Bf3 d6 13.Nxc6 Bxc6 14.Bxc6 Rxc6 15.Qf3
Qa8 16.Rfd1 Rfc8 17.a4 R6c7 18.Ba3 Qxf3 19.gxf3 Rc6 20.Ne4 Ne8 21.Nc3 Nf6 
22.Ne4 Ne8 23.Nc3 Bf8 24.Bb2 g6 25.Na2 Ra8 26.Bd4 a5 27.e4 Bh6 28.Rc3 Nc7 
29.Rcd3 Kf8 30.Bb2 Ke7 31.Ba3 Ne8 32.Nc3 Bg7 33.Ne2 g5 34.Kg2 Rd8 35.f4 
gxf4 36.Nxf4 Nc7 37.Nh5 Bh8 38.f4 Na6 39.e5 Nc5 40.Rxd6 Rcxd6 41.Rxd6 Rxd6
42.Bxc5 bxc5 43.exd6+ Kxd6 44.Ng3 f5 45.Kf3 Bb2 46.Ne2 e5 47.h3 Ke6 48.Ke3
Kf6 49.Kf3 Bd4 50.Nc1 Bg1 51.Ne2 Bh2 52.fxe5+ Kxe5 53.Ke3 Bg3 54.Ng1 Bf4+ 
55.Kf3 Bh6 56.Ne2 Bd2 57.Ng3 Bh6 58.Ne2 Bd2 59.Ng3 Kd4 60.Nxf5+ Kc3 61.Ke4
Kxb3 62.Kd5 Kb4 63.Nd6 Be3 64.Nb7 Bf2 65.Nd8 Kxa4 66.Nc6 h5 67.h4 Be3 68.
Kd6 Bg1 69.Kd5 Bf2 70.Kd6 Bxh4 71.Kxc5 Bf2+ 72.Kd5 h4 73.Ke4 h3 74.Kf3 Bh4
75.Nd4 Ka3 76.c5 1/2-1/2

[Event "5th Alicante it"]
[Site "Alicante ESP"]
[Date "1978.??.??"]
[Round "10"]
[White "Martin Gonzalez, Angel"]
[WhiteElo "2390"]
[Black "Damjanovic, Mato"]
[BlackElo "2455"]
[Result "1/2-1/2"]
[EventDate "1978.03.01"]
[PlyCount "79"]

1.e4 c5 2.Nf3 Nc6 3.d4 cxd4 4.Nxd4 Qc7 5.Nc3 e6 6.Be2 a6 7.O-O Nf6 8.Be3 
Bb4 9.Na4 Be7 10.Nxc6 bxc6 11.Nb6 Rb8 12.Nxc8 Rxc8 13.Bxa6 Rb8 14.Bd3 Rxb2
15.Bd4 Rb8 16.e5 Nd5 17.c4 Nb4 18.Be4 c5 19.Bc3 Nc6 20.f4 Nd4 21.a4 f5 22.
exf6 Bxf6 23.Kh1 O-O 24.Ra3 g6 25.a5 Qd8 26.Qg4 Kg7 27.Bxd4 Bxd4 28.Rh3 
Qf6 29.a6 d5 30.cxd5 Ra8 31.Ra3 exd5 32.Bxd5 Rxa6 33.Qd7+ Kh8 34.Rh3 Qg7 
35.Qg4 Qe7 36.Bc4 Raf6 37.Rhf3 Qe8 38.h3 Qa4 39.Bd5 Qc2 40.Bb3 1/2-1/2

[Event "5th Alicante it"]
[Site "Alicante ESP"]
[Date "1978.??.??"]
[Round "10"]
[White "Sanz Alonso, Francisco Javier"]
[WhiteElo "2330"]
[Black "Fernandez Garcia, Jose Luis"]
[BlackElo "2310"]
[Result "1/2-1/2"]
[EventDate "1978.03.01"]
[PlyCount "49"]

1.e4 c5 2.c3 e6 3.d4 d5 4.exd5 exd5 5.Nf3 Nf6 6.Bb5+ Bd7 7.Bxd7+ Nbxd7 8.
O-O Be7 9.dxc5 Nxc5 10.Nbd2 O-O 11.Nb3 Re8 12.Bg5 Nfe4 13.Nxc5 Nxc5 14.Re1
Ne4 15.Bxe7 Rxe7 16.Qd4 Nf6 17.Rxe7 Qxe7 18.Re1 Qd7 19.h3 b6 20.Ne5 Qb5 
21.Ng4 Nxg4 22.hxg4 h6 23.Re7 Re8 24.a4 Qc6 25.Rxe8+ 1/2-1/2

[Event "5th Alicante it"]
[Site "Alicante ESP"]
[Date "1978.??.??"]
[Round "11"]
[White "Hernando Pertierra, Jose Carlos"]
[WhiteElo "2340"]
[Black "Sanz Alonso, Francisco Javier"]
[BlackElo "2330"]
[Result "0-1"]
[EventDate "1978.03.01"]
[PlyCount "69"]

1.d4 Nf6 2.c4 e6 3.Nf3 c5 4.e3 d5 5.cxd5 exd5 6.Bb5+ Nc6 7.Ne5 Bd7 8.Nxd7 
Qxd7 9.dxc5 Bxc5 10.O-O O-O 11.Nd2 a6 12.Bd3 Qd6 13.Nf3 Rfe8 14.a3 Rad8 
15.Nd4 Nxd4 16.exd4 Bxd4 17.Bxh7+ Nxh7 18.Qxd4 Re4 19.Qd3 Qe5 20.Be3 d4 
21.Bd2 Nf6 22.f3 Re2 23.Rae1 Rxe1 24.Rxe1 Qd5 25.Rd1 b5 26.Be1 Qa2 27.Bh4 
Qxb2 28.Bxf6 gxf6 29.Re1 Qc3 30.Qe4 d3 31.Qg4+ Kf8 32.Rd1 d2 33.Kf2 Qxa3 
34.Qf5 Qd6 35.f4 0-1

[Event "5th Alicante it"]
[Site "Alicante ESP"]
[Date "1978.??.??"]
[Round "12"]
[White "Damjanovic, Mato"]
[WhiteElo "2455"]
[Black "Ochoa de Echaguen Estibalez, Francisco Javier"]
[BlackElo "2345"]
[Result "1/2-1/2"]
[EventDate "1978.03.01"]
[PlyCount "24"]

1.e4 c5 2.Nf3 Nc6 3.d4 cxd4 4.Nxd4 Nf6 5.Nc3 e5 6.Ndb5 d6 7.Bg5 a6 8.Bxf6 
gxf6 9.Na3 b5 10.Nd5 f5 11.Bd3 Be6 12.Qh5 Bg7 1/2-1/2

[Event "5th Alicante it"]
[Site "Alicante ESP"]
[Date "1978.??.??"]
[Round "11"]
[White "Martin Gonzalez, Angel"]
[WhiteElo "2390"]
[Black "Medina Garcia, Antonio Angel"]
[BlackElo "2425"]
[Result "1-0"]
[EventDate "1978.03.01"]
[PlyCount "113"]

1.e4 e5 2.Nf3 Nc6 3.Bb5 a6 4.Ba4 d6 5.O-O Bd7 6.d4 Nge7 7.d5 Nb8 8.c4 Ng6 
9.Be3 Be7 10.Nbd2 O-O 11.b4 Bxa4 12.Qxa4 Nd7 13.Qc2 Nf6 14.h3 c6 15.Qb3 
Rc8 16.Kh2 Nd7 17.Rac1 Nf4 18.g3 Nh5 19.Rfd1 cxd5 20.cxd5 g6 21.Rxc8 Qxc8 
22.Nc4 Nhf6 23.Rc1 Qb8 24.Ncd2 Rc8 25.Rc4 Bd8 26.Qc2 Rxc4 27.Nxc4 Qc8 28.
Ne1 Ne8 29.a4 b5 30.axb5 axb5 31.Na3 Qxc2 32.Nexc2 Nc7 33.Nb1 f5 34.f3 Nf6
35.Nc3 Be7 36.Bb6 Na6 37.Ba5 Kf7 38.Na3 Ke8 39.Naxb5 Kd7 40.Kg2 fxe4 41.
fxe4 Nh5 42.Ne2 Bg5 43.Na7 Bd8 44.Nc6 Bxa5 45.bxa5 Nc5 46.Kf3 Nf6 47.Nc3 
Kc7 48.g4 Kb7 49.Nb4 Na6 50.Nc6 Nc5 51.g5 Ne8 52.Nd1 Ka6 53.Ne3 Nd3 54.Ng4
Nf4 55.Nf6 Ng7 56.h4 Kb5 57.Nxh7 1-0

[Event "5th Alicante it"]
[Site "Alicante ESP"]
[Date "1978.??.??"]
[Round "12"]
[White "Sanz Alonso, Francisco Javier"]
[WhiteElo "2330"]
[Black "Ermenkov, Evgeny"]
[BlackElo "2520"]
[Result "1/2-1/2"]
[EventDate "1978.03.01"]
[PlyCount "20"]

1.e4 c6 2.d4 d5 3.exd5 cxd5 4.c4 Nf6 5.Nc3 g6 6.cxd5 Nxd5 7.Nf3 Bg7 8.Be2 
O-O 9.O-O Nc6 10.h3 b6 1/2-1/2

[Event "5th Alicante it"]
[Site "Alicante ESP"]
[Date "1978.??.??"]
[Round "13"]
[White "Damjanovic, Mato"]
[WhiteElo "2455"]
[Black "Rodriguez Vargas, Orestes"]
[BlackElo "2485"]
[Result "1/2-1/2"]
[EventDate "1978.03.01"]
[PlyCount "26"]

1.e4 e5 2.Nf3 Nc6 3.Bb5 a6 4.Ba4 Nf6 5.O-O Be7 6.Re1 b5 7.Bb3 O-O 8.a4 Bb7
9.d3 d6 10.Bd2 b4 11.c3 a5 12.Bc4 Rb8 13.h3 h6 1/2-1/2

[Event "5th Alicante it"]
[Site "Alicante ESP"]
[Date "1978.??.??"]
[Round "13"]
[White "Fernandez Garcia, Jose Luis"]
[WhiteElo "2310"]
[Black "Ermenkov, Evgeny"]
[BlackElo "2520"]
[Result "1/2-1/2"]
[EventDate "1978.03.01"]
[PlyCount "46"]

1.e4 c5 2.Nf3 Nc6 3.b4 cxb4 4.d4 d5 5.exd5 Qxd5 6.c4 Qd6 7.Bb2 Bg4 8.Be2 
Nf6 9.d5 Bxf3 10.Bxf3 Ne5 11.Be2 Ned7 12.O-O e5 13.dxe6 fxe6 14.Bh5+ g6 
15.Bf3 Qb6 16.Nd2 Bc5 17.a3 O-O 18.axb4 Bxb4 19.Qe2 Rae8 20.Ne4 e5 21.Rfd1
a5 22.Rab1 Qc7 23.Bc3 Nxe4 1/2-1/2

[Event "5th Alicante it"]
[Site "Alicante ESP"]
[Date "1978.??.??"]
[Round "13"]
[White "Ochoa de Echaguen Estibalez, Francisco Javier"]
[WhiteElo "2345"]
[Black "Hernando Pertierra, Jose Carlos"]
[BlackElo "2340"]
[Result "0-1"]
[EventDate "1978.03.01"]
[PlyCount "89"]

1.e4 d5 2.exd5 Nf6 3.Nc3 Nxd5 4.Bc4 e6 5.Nf3 Be7 6.O-O O-O 7.Re1 Nb6 8.Bb3
c5 9.d3 Nc6 10.Bf4 Na5 11.Qe2 Nxb3 12.axb3 Nd5 13.Nxd5 Qxd5 14.Be5 f6 15.
Bc3 b5 16.Rad1 b4 17.Bd2 e5 18.Qe4 Qxe4 19.dxe4 a5 20.Be3 Be6 21.Nd2 a4 
22.Ra1 a3 23.bxa3 bxa3 24.c4 a2 25.Rec1 f5 26.f3 Rfd8 27.Rc2 Rd3 28.Bf2 
Bg5 29.Nf1 Rxb3 30.Raxa2 Rxa2 31.Rxa2 Bxc4 32.h4 Rb1 33.Ra8+ Kf7 34.hxg5 
Rxf1+ 35.Kh2 Rxf2 36.exf5 Ra2 37.Rc8 Bd5 38.Rc7+ Kf8 39.Rxc5 Bxf3 40.Kg3 
Bb7 41.Rxe5 Rxg2+ 42.Kf4 Rf2+ 43.Kg3 Rd2 44.Rb5 Rd7 45.Rb6 0-1

[Event "5th Alicante it"]
[Site "Alicante ESP"]
[Date "1978.??.??"]
[Round "13"]
[White "Verdu Carbonell, Juan Miguel"]
[WhiteElo "2200"]
[Black "Martin Gonzalez, Angel"]
[BlackElo "2390"]
[Result "0-1"]
[EventDate "1978.03.01"]
[PlyCount "88"]

1.e4 c5 2.Nf3 d6 3.d4 cxd4 4.Nxd4 Nf6 5.Nc3 g6 6.Be3 Bg7 7.h3 O-O 8.Bc4 
Nxe4 9.Nxe4 d5 10.Nb5 a6 11.Bxd5 axb5 12.O-O Qa5 13.b4 Qc7 14.Bd4 Nc6 15.
Bxg7 Kxg7 16.Bxc6 Qxc6 17.Qd4+ f6 18.Rfe1 e5 19.Qc3 Bd7 20.Red1 Rf7 21.
Qxc6 Bxc6 22.Nd6 Rd7 23.c4 bxc4 24.b5 Rad8 25.bxc6 bxc6 26.Nf5+ gxf5 27.
Rxd7+ Rxd7 28.Rc1 Kf7 29.Rxc4 Rc7 30.Kf1 Ke6 31.Ke2 Kd5 32.Kd3 Ra7 33.a4 
c5 34.Kc3 f4 35.g3 fxg3 36.fxg3 Rg7 37.g4 Ra7 38.Kd3 h6 39.h4 Ra8 40.h5 
Ra7 41.Re4 Rb7 42.Re1 Rb3+ 43.Kc2 Ra3 44.Rd1+ Ke6 0-1